Romantic agency: (Record no. 1465098)

MARC details
000 -LEADER
fixed length control field 00755 a2200253 4500
005 - DATE AND TIME OF LATEST TRANSACTION
control field 20251215123136.0
008 - FIXED-LENGTH DATA ELEMENTS--GENERAL INFORMATION
fixed length control field 251215b |||||||| |||| 00| 0 eng d
020 ## - INTERNATIONAL STANDARD BOOK NUMBER
International Standard Book Number 978-1-5095-5152-1
037 ## - SOURCE OF ACQUISITION
Terms of availability TB
040 ## - CATALOGING SOURCE
Original cataloging agency CRL
Transcribing agency CRL
041 ## - LANGUAGE CODE
Source of code eng
Language code of text/sound track or separate title eng
084 ## - COLON CLASSIFICATION NUMBER
Classification number O111:g(S:55) R4
Assigning agency CRL
100 ## - MAIN ENTRY--PERSONAL NAME
Personal name Brunning, Luke
9 (RLIN) 849900
245 ## - TITLE STATEMENT
Title Romantic agency:
Remainder of title loving well in modern life
260 ## - PUBLICATION, DISTRIBUTION, ETC.
Name of publisher, distributor, etc. Polity
Date of publication, distribution, etc. 2024
Place of publication, distribution, etc. Cambridge
300 ## - PHYSICAL DESCRIPTION
Extent 221p.
365 ## - TRADE PRICE
Price amount 22.95
Currency code USD
650 ## - SUBJECT ADDED ENTRY--TOPICAL TERM
Source of heading or term ENGLISH LITERATURE
650 ## - SUBJECT ADDED ENTRY--TOPICAL TERM
Source of heading or term PSYCHOLOGY
650 ## - SUBJECT ADDED ENTRY--TOPICAL TERM
Source of heading or term LOVE
700 ## - ADDED ENTRY--PERSONAL NAME
Personal name Brunning, Luke
Relator term Author
9 (RLIN) 856595
942 ## - ADDED ENTRY ELEMENTS (KOHA)
Koha item type Textbook
Source of classification or shelving scheme Colon Classification (CC)
Suppress in OPAC No
Classification part O111:g(S:55) R4
Holdings
Withdrawn status Lost status Source of classification or shelving scheme Damaged status Not for loan Home library Current library Date acquired Source of acquisition Cost, normal purchase price Inventory number Total Checkouts Full call number Barcode Date last seen Cost, replacement price Price effective from Koha item type
    Colon Classification (CC)     Central Library Central Library 2025-12-15 4 Classic Book Service 1627.25 094 & 2025-11-18   O111:g(S:55) R4 CL1924581 2025-11-21 2034.06 2025-11-21 Textbook
Copyright @ Delhi University Library System